000 00455nam a2200181Ia 4500
001 4835
005 20260306145824.0
008 260306t2007||||xx |||||||||||||| ||spa||
041 _aESP
082 _a330.9
_bY11
100 _aYamada, Gustavo
_eAUT
245 0 _aRetornos a la educación superior en el mercado laboral:
_b¿vale la pena el esfuerzo?
260 _c2007
300 _a
_c
650 _aGEN
654 _aCAN
942 _cLIB
_dJUS
_fJUS
_2ddc
_n
999 _c4835
_d4835